000 00585nam a2200229Ia 4500
003 OSt
005 20220924132127.0
006 a|||||r|||| 00| 0
007 ta
008 220923b |||||||| |||| 00| 0 san d
024 _a17231
037 _cTextual
040 _aARTS
_cARTS
_bsan
041 _2san
_asan
082 _aQ25:222, 15B8
245 0 _aBrihad Dharma Puranam ed by Hara Prasada Sastri
260 _c1888
490 _aBibliotheca indica , new series; 668
650 _aRELIGION
942 _hQ25:222, 15B8
_cTEXL
_2CC
999 _c429374
_d429374